000 00881nam a2200289Ia 4500
001 C5873
003 IT-RoPAU
008 130308s9999 xx 000 0 und d
040 _aIT-RoPAU
040 _cIT-RoPAU
041 _aFRANCESE
100 _aLacheret-Dujour Anne
100 _gCodice Aut. SPICS: 41893
245 _aTraitement de la parole
245 _bLinguistique et Traitements Automatiques des Langues
250 _a1a ed.
260 _aPARIS
260 _bHachette
260 _c1993 [1° Ed.:1993 - Ed.Ling.Originale:1993]
300 _a"19 p. (prefazione: no ; testo: 19 [pagine: 173-191])"
500 _aTrattamento della Parola. Richiami Storici. sistemi di sintesi della Parola. sistemi di riconoscimento Automatico della Parola.
650 _aLINGUISTICA
650 _eCodice materia Spics: 3201
942 _cBK
957 _71
999 _c77867
_d77867
999 _g1